000 00600cam a2200217ua 4500
020 _a81 7087 061 5
_c345.00
041 _aeng
_h
082 _a631.3
_bBOS/TH
100 _aBosoi, E S .
245 _aTheory construction and calculation of agricultural machines vol-2 /
_cE S Bosoi.
_hTextual Documents
250 _a1 /
_b.
260 _aNew Delhi :
_bOxonian Press Pvt Ltd ,
_c1990.
300 _a809 ; .
365 _a345.00
504 _a
700 1 _aSmirnov, I I .
700 1 _aSultan-shakh, E G .
700 1 _aVerniaev, O V .
942 _cBK
999 _c9478
_d9478